Champions League- 10 or more appearances - Statistics

General Stats
  • This quiz has been taken 4,080 times
  • The average score is 13 of 20
Answer Stats
Hint Answer % Correct
18 Real Madrid
99%
18 Barcelona
98%
19 Manchester United
93%
16 AC Milan
91%
12 Chelsea
89%
11 Internazionale
89%
16 Arsenal
88%
14 Juventus
87%
17 Bayern Munich
82%
12 Ajax
77%
18 Porto
75%
11 Lyon
62%
13 PSV Eindhoven
60%
10 Glasgow Rangers
38%
12 Galatasaray
37%
15 Olympiacos
36%
15 Dinamo Kiev
26%
10 Panathinaikos
21%
11 Spartak Moscow
16%
10 Rosenborg
14%
No matching quizzes found
Score Distribution
Percent of People with Each Score
Percentile by Number Answered
Your Score History
You have not taken this quiz